Catalog

Record Details

Catalog Search



Lost December Cover Image CD Audiobook CD Audiobook

Lost December [sound recording] / Richard Paul Evans.

Evans, Richard Paul. (Author). Dossett, John. (Added Author).

Summary:

As heir to the Crisp Copy Center fortune, Luke has it made--until he burns through his entire inheritance in just one year of partying. Ashamed to ask his famous father for help, he finds employment--and romance--as an entry-level clerk. Can his new love get him back on track?

Record details

  • ISBN: 9781442344143
  • ISBN: 1442344148
  • Physical Description: 5 sound discs (6 hr.) : digital ; 4 3/4 in.
  • Publisher: [New York] : Simon & Schuster Audio, p2011.

Content descriptions

General Note:
Unabridged.
Compact discs.
Participant or Performer Note:
Read by John Dossett.
Subject: Inheritance and succession > Fiction.
Man-woman relationships > Fiction.
Interpersonal attraction > Fiction.
Clerks > Fiction.
Copying services > Fiction.
Single mothers > Fiction.
Prodigal son (Parable) > Fiction.
Genre: Christmas stories.
Love stories.

Available copies

  • 1 of 1 copy available at scottsboropl.

Holds

  • 0 current holds with 1 total copy.
Show Only Available Copies
Location Call Number / Copy Notes Barcode Shelving Location Status Due Date
scottsboropl BK/CD Eva 32269000907678 Adult - Audiobook Available -

LDR 01601nim a2200409Ia 4500
001134939
003CONS
00520140703073308.0
007sd fungnnmmneu
008110624s2011 nyunnnne f n eng d
020 . ‡a9781442344143
020 . ‡a1442344148
035 . ‡a(CPomAG)LMN557951
040 . ‡aLPU ‡beng ‡cLPU
050 4. ‡aPS3555.V259 ‡bL67 2011ab
08204. ‡a813.54 ‡223
1001 . ‡aEvans, Richard Paul.
24510. ‡aLost December ‡h[sound recording] / ‡cRichard Paul Evans.
260 . ‡a[New York] : ‡bSimon & Schuster Audio, ‡cp2011.
300 . ‡a5 sound discs (6 hr.) : ‡bdigital ; ‡c4 3/4 in.
500 . ‡aUnabridged.
500 . ‡aCompact discs.
5110 . ‡aRead by John Dossett.
520 . ‡aAs heir to the Crisp Copy Center fortune, Luke has it made--until he burns through his entire inheritance in just one year of partying. Ashamed to ask his famous father for help, he finds employment--and romance--as an entry-level clerk. Can his new love get him back on track?
650 0. ‡aInheritance and succession ‡vFiction.
650 0. ‡aMan-woman relationships ‡vFiction.
650 0. ‡aInterpersonal attraction ‡vFiction.
650 0. ‡aClerks ‡vFiction.
650 0. ‡aCopying services ‡vFiction.
650 0. ‡aSingle mothers ‡vFiction.
650 0. ‡aProdigal son (Parable) ‡vFiction.
655 0. ‡aChristmas stories.
655 7. ‡aLove stories. ‡2gsafd
7001 . ‡aDossett, John.
914 . ‡dSCP_ng
959 . ‡i32269000907678 ‡lBK/CD Eva ‡aAdult - Audiobook ‡tAudiobook ‡g23.00
852 . ‡p32269000907678 ‡jBK/CD Eva ‡gAdult - Audiobook ‡cAudiobook ‡y23.00 ‡bSBPL
901 . ‡a134939 ‡bUnknown ‡c134939 ‡tbiblio

Additional Resources